000 00646nam a2200241 i 4500
001 bgj
100 0 _aLEPPMANN, Wolfgang.
245 1 0 _aGerhart Hauptmann :
_bLeben, Werk und Zeit /
_cWolfgang Leppmann.
260 _aFrankfurt am Main :
_bFischer Taschenbuch Verlag,
_c1989.
300 _a415 s. :
_bil. ;
_c19 cm.
490 1 _a[Fischer-Taschenbücher]
_v5683
504 _aIndeks.
650 9 _aBiografie
830 _a[Fischer-Taschenbücher]
020 _a3596256836
040 _cBPK
041 0 _ager
044 _aDEU
080 _a929
920 _a3-596-25683-6
942 _cKS
008 s gw f |000 0 ger
999 _c50248
_d50248
856 _uhttp://koha.tu.koszalin.pl/cgi-bin/koha/opac-detail.pl?biblionumber=50248
_yKatalog online BPK